000 00552nam a2200193Ia 4500
005 20250326141515.0
008 250326s9999 xx 000 0 und d
020 _a1-55815-083-8
037 _aTextbook
040 _aFMSL
_beng
_cFMSL
041 _aeng
_2eng
084 _aX.4 N0
_qFMSL
100 _aNaya Seiji
245 0 _aPrivate sector development and enterprise reforms in growing asian Economics
_cNaya Seiji
260 _aUSA
_bUSA, San Francise
_c1990
300 _axi,118
942 _cTB
_hX.4 N0
999 _c1290627
_d1290627